| 000 | 01117nam a2200277 i 4500 | ||
|---|---|---|---|
| 003 | CSPC | ||
| 005 | 20231024190732.0 | ||
| 008 | 231020s2020 nyua b 001 0 eng d | ||
| 020 | _a9781951527839 | ||
| 040 |
_aCSPC _cCSPC _beng |
||
| 050 | 4 | _aHD69.P75 | |
| 082 | 0 | 4 |
_223 _a658.404 _bOl84q |
| 100 | 1 |
_aOlson, David L., _eauthor. |
|
| 245 | 1 | 0 |
_aQuantitative tools of project management / _cDavid L. Olson. |
| 264 | 1 |
_aNew York : _bBusiness Expert Press, _c2020. |
|
| 300 |
_aix, 143 pages : _billustrations ; _c23 cm. |
||
| 336 |
_2rdacontent _atext |
||
| 337 |
_2rdamedia _aunmediated |
||
| 338 |
_2rdacarrier _avolume |
||
| 504 | _aIncludes bibliographical references and index. | ||
| 505 | 0 | _aEstimation -- The critical path method -- Project crashing -- Probabilistic scheduling models -- Critical chain project management -- Project control and assessment -- Microsoft project. | |
| 650 | 0 | _aPERT (Network analysis). | |
| 650 | 0 | _aProject management. | |
| 942 |
_2ddc _cBK _e23 _h658.404 _iOl84q _kCIR _m2020 _n0 |
||
| 999 |
_c26347 _d26347 |
||